000
00291nam a2200109Ia 4500
008
220120s9999||||xx |||||||||||||| ||und||
100
_a
NIIT world class education
245
0
_a
Enterprise java bean development for websphere using visuala
260
_c
2001
300
_b
0
650
_a
CIVIL
999
_c
136654
_d
136654